Statistics for Sacha Baron Cohen Filmography

Click here to take the quiz!

General Stats

  • This quiz has been taken 156 times
    (28 since last reset)
  • The average score is 16 of 58

Answer Stats

TypeYearName% Correct
Film2006Borat: Cultural Learnings of America for Make Benefit Glorious Nation Kazakhstan
100%
Film2020Borat Subsequent Moviefilm: Delivery of Prodigious Bribe to American Regime for Make Benefit Once Glorious Nation of Kazakhstan
88%
Film2009Brüno
71%
Film2012The Dictator
71%
Film2002Ali G Indahouse
58%
TV Show2000, 2003-2004Da Ali G Show
50%
Film2012Les Misérables
50%
Film2016Grimsby
46%
Film2011Hugo
46%
Film2005Madagascar
46%
Film2012Madagascar 3: Europe's Most Wanted
46%
Film2008Madagascar: Escape 2 Africa
46%
TV Show2010The Simpsons
46%
Film2020The Trial of the Chicago 7
46%
Web Mini-Series2019The Spy
42%
TV Show2006, 2012Saturday Night Live
38%
Film2006Talladega Nights: The Ballad of Ricky Bobby
38%
TV Show2018Who Is America?
38%
Film2016Alice Through the Looking Glass
33%
Film2007Sweeney Todd: The Demon Barber of Fleet Street
33%
Film2013Anchorman 2: The Legend Continues
29%
Film2021Luca
29%
Music Video2000Music
25%
TV Show1998-1999The 11 O'Clock Show
25%
TV Show2005Curb Your Enthusiasm
21%
Web Mini-Series2024Disclaimer
21%
TV Show2013Eastbound & Down
17%
TV Show2006Howard Stern on Demand
17%
TV Film1995Jack and Jeremy's Police 4
17%
TV Show2004, 2015, 2016, 2018, 2020, 2021Jimmy Kimmel Live!
17%
TV Show2003, 2004, 2005, 2006Late Night with Conan O'Brien
17%
TV Special1998Live from the Lighthouse
17%
FilmTBAMandrake the Magician
17%
Music Video2002Me Julie
17%
Short Film2016Past Forward
17%
TV Show1995Pump TV
17%
Short Film1996Punch
17%
Short Film2003Spyz
17%
FilmTBASuper Toys
17%
TV Show2004, 2006, 2012, 2016The Daily Show
17%
Film2000The Jolly Boys' Last Stand
17%
TV Show2009The Tonight Show with Conan O'Brien
17%
TV Documentary2018The Zen Diaries of Garry Shandling
17%
Short Film2021Borat's American Lockdown
13%
Short Film2021Borat: VHS Cassette of Material Deemed 'Sub-acceptable' by Kazakhstan Ministry of Censorship and Circumcision
13%
Web SpecialTBAChelm: The Smartest Place on Earth
13%
TV Show1998Comedy Nation
13%
Documentary Series2021Debunking Borat
13%
TV Special2006Night of Too Many Stars
13%
Documentary1997Out for Love, Be Back Shortly
13%
TV Show2006Reel Comedy
13%
Short Film2020Surprising Best Friend with Borat!!
13%
Award Show20012001 MTV Europe Music Awards
8%
TV Short1999Ali G's Christmas Message to the Nation
8%
TV Show2009Australia's Next Top Model
8%
Commercial2005NBA on TNT
8%
Stand-Up Special2018Seth Rogen's Hilarity for Clarity
8%
TV Show2002Top of the Pops
4%

Score Distribution

Percentile by Number Answered

Percent of People with Each Score

Your Score History

You have not taken this quiz since the last reset